Shake rattle and roll : Yugoslav rock music and the poetics of social critique /

Bibliographic Details
Main Author: Misina, Dalibor
Corporate Author: ebrary, Inc
Format: eBook
Language:English
Published: Burlington, Vt. : Ashgate Pub. Company, 2013.
Subjects:
Online Access:Connect to the full text of this electronic book

MARC

Tag First Indicator Second Indicator Subfields
LEADER 00000cam a2200000Ia 4500
001 in00002805413
006 m o d
007 cr cn|||||||||
008 120702s2013 vtu ob 001 0 eng d
005 20250816203644.5
010 |z  2012026999 
020 |z 9781409445654 
020 |z 9781409445661 
035 |a (CaPaEBR)ebr10622995 
035 |a (OCoLC)818734234 
040 |a CaPaEBR  |c CaPaEBR  |d UtOrBLW 
043 |a e-yu--- 
050 1 4 |a ML3534.6.Y8  |b M57 2013eb 
082 0 4 |a 781.6609497/09047  |2 23 
100 1 |a Misina, Dalibor. 
245 1 0 |a Shake rattle and roll :  |b Yugoslav rock music and the poetics of social critique /  |c by Dalibor Misina. 
264 1 |a Burlington, Vt. :  |b Ashgate Pub. Company,  |c 2013. 
300 |a 1 online resource ([ix], 247 pages)  
336 |a text  |b txt  |2 rdacontent 
337 |a computer  |b c  |2 rdamedia 
338 |a online resource  |b cr  |2 rdacarrier 
504 |a Includes bibliographical references and index. 
500 |a Electronic resource. 
650 0 |a Rock music  |z Yugoslavia  |x History and criticism. 
650 0 |a Rock music  |x Social aspects  |z Yugoslavia. 
650 0 |a Rock music  |x Political aspects  |z Yugoslavia. 
651 0 |a Yugoslavia  |x Cultrual policy  |x History. 
655 7 |a Electronic books.  |2 local 
710 2 |a ebrary, Inc. 
856 4 0 |u https://ebookcentral.proquest.com/lib/tamucs/detail.action?docID=1068894  |y Connect to the full text of this electronic book  |t 0 
980 |a 130212  |b 104.95  |c USD  |e 157.43  |f YBP_EBR0000053138  |g 1 
999 f f |s a9a97669-5278-3e91-a4c3-c71411bd50fa  |i 0ec981b5-c07e-39d1-b3fc-7570e56cbde4  |t 0 
999 |a MARS 
952 f f |a Texas A&M University  |b College Station  |c Electronic Resources  |d Available Online  |t 0  |e ML3534.6.Y8 M57 2013eb  |h Library of Congress classification 
998 f f |a ML3534.6.Y8 M57 2013eb  |t 0  |l Available Online